Computer Awareness (Record no. 4898)

MARC details
000 -LEADER
fixed length control field 00392nam a22001697a 4500
005 - DATE AND TIME OF LATEST TRANSACTION
control field 20160630114131.0
008 - FIXED-LENGTH DATA ELEMENTS--GENERAL INFORMATION
fixed length control field 160630b xxu||||| |||| 00| 0 eng d
020 ## - INTERNATIONAL STANDARD BOOK NUMBER
ISBN 81-85749-56-8
041 ## - LANGUAGE CODE
Language code of text/sound track or separate title eng
082 ## - DEWEY DECIMAL CLASSIFICATION NUMBER
Item number 13591
100 ## - MAIN ENTRY--AUTHOR NAME
Personal name Rai, S & Ghos R
245 ## - TITLE STATEMENT
Title Computer Awareness
260 ## - PUBLICATION, DISTRIBUTION, ETC. (IMPRINT)
Name of publisher Katson
Year of publication 2012
300 ## - PHYSICAL DESCRIPTION
Number of Pages 513
650 ## - SUBJECT ADDED ENTRY--TOPICAL TERM
Topical Term Information Technology
942 ## - ADDED ENTRY ELEMENTS (KOHA)
Koha item type Books
Holdings
Lost status Damaged status Home library Date acquired Cost, normal purchase price Full call number Accession Number Koha item type Collection code Current library Shelving location Source of acquisition
    JRU Library 30/06/2016 195.00 13591 13591 Books        
    JRU Library 30/06/2016 195.00 13591 13592 Books        
    JRU Library 30/06/2016 195.00 004 13593 Books CS/IT JRU Library SHELF-52-G  
    JRU Library 30/06/2016 195.00 004 13594 Books CS/IT JRU Library SHELF-52-G  
    JRU Library 30/06/2016 195.00 004 13595 Books CS/IT JRU Library SHELF-52-G  
    JRU Library 30/06/2016 195.00 13591 13596 Books PHARMACY JRU Library    
    JRU Library 30/06/2016 195.00 13591 13597 Books     Shelf - 25- M  
    JRU Library 30/06/2016 195.00 004 13598 Books CS/IT JRU Library SHELF-48-F PURCHASE
    JRU Library 30/06/2016 195.00 13591 13599 Books     Shelf - 25- N  
    JRU Library 30/06/2016 195.00 004 13600 Books CS/IT JRU Library SHELF-48-F PURCHASE
    JRU Library 30/06/2016 195.00 13591 13601 Books     Shelf - 25- M  
    JRU Library 30/06/2016 195.00 004 13602 Books CS/IT JRU Library SHELF-48-F PURCHASE
    JRU Library 30/06/2016 195.00 004 13603 Books CS/IT JRU Library SHELF-52-G  
    JRU Library 30/06/2016 195.00 13591 13604 Books CS/IT JRU Library SHELF-57-D  
    JRU Library 30/06/2016 195.00 004 13605 Books CS/IT JRU Library SHELF-52-G  
    JRU Library 30/06/2016 195.00 004 13606 Books CS/IT JRU Library SHELF-52-G  
    JRU Library 30/06/2016 195.00 13591 13607 Books     SHELF -72 - I  
    JRU Library 30/06/2016 195.00 004 13608 Books CS/IT JRU Library SHELF-52-G  
    JRU Library 30/06/2016 195.00 13591 13609 Books     Shelf - 25- N  
    JRU Library 30/06/2016 195.00 004 13610 Books CS/IT JRU Library SHELF-48-F PURCHASE
    JRU Library 30/06/2016 195.00 004 13611 Books CS/IT JRU Library SHELF-52-G  
    JRU Library 30/06/2016 195.00   13612 Books CS/IT JRU Library SHELF-50-B PURCHASE
    JRU Library 30/06/2016 195.00 004 13613 Books CS/IT JRU Library SHELF-48-F PURCHASE
    JRU Library 30/06/2016 195.00 004 13614 Books CS/IT JRU Library SHELF-52-G  
    JRU Library 30/06/2016 195.00 004 13615 Books CS/IT JRU Library SHELF-48-F PURCHASE
    JRU Library 30/06/2016 195.00 004 13616 Books CS/IT JRU Library SHELF-52-G  
    JRU Library 30/06/2016 195.00 13591 13617 Books     Shelf - 25- N  
    JRU Library 30/06/2016 195.00 004 13618 Books CS/IT JRU Library SHELF-52-G  
    JRU Library 30/06/2016 195.00 004 13619 Books CS/IT JRU Library SHELF-48-F PURCHASE